Datum a čas kvízu
42.5
Celkem bodů
Celkový počet nahraných bodů na tomto kvízu bez doplňovacích otázek.
1.
Pořadí na kvízu
Konečné umístění týmu na tomto kvízu.
Zaznamenané odpovědi
| # | Otázka | Odpověď | Body | Výsledky |
|---|---|---|---|---|
| 1. | Provoz a výrobu v rafinérii v... | Litvínov | 1 | |
| 2. | Jihokorejská vláda nasadila na... | na hledání štěnic | 1 | |
| 3. | Animovaný seriál Bob a Bobek –... | Hádkovi | 1 | |
| 4. | Ve čtvrtek byla zahájena naše... | České Budějovice, 50. ročník | 1 | |
| 5. | Minulý týden došlo ke zveřejně... | Jannik Sinner | 1 | |
| 6. | Historie Texasu je těsně spoje... | San Antonio | 1 | |
| 7. | Hranici mezi Texasem a Mexikem... | Colorado | 1 | |
| 8. | V jižním cípu Texasu se nacház... | Boca Chica | 0 | |
| 9. | Jak se jmenoval americký polit... | Stephen F. Austin | 1 | |
| 10. | Mezi několik známých osobností... | Eva Longoria, Zoufalé manželky | 0.5 |